Statistics for Pokémon regional pokédex: Missing Region

Click here to take the quiz!

General Stats

  • This quiz has been taken 21 times
  • The average score is 6 of 7

Answer Stats

Pokémon% Correct
Phione
100%
Shaymin
94%
Darkrai
88%
Heatran
88%
Arceus
81%
Cresselia
81%
Regigigas
81%

Score Distribution

Percentile by Number Answered

Percent of People with Each Score

Your Score History

You have not taken this quiz